| 000 | 01081cab a2200277 4500 | ||
|---|---|---|---|
| 001 | ABS47453 | ||
| 008 | 090401t1992 xxu||||| |||| 00| 0 eng d | ||
| 035 | _a(Sirsi) u62026 | ||
| 041 | _aeng | ||
| 100 | _aWoolley. N., | ||
| 245 | _aCost of caring for the environment | ||
| 260 | _c1992 | ||
| 350 | _a0 | ||
| 490 |
_aCS Monthly : Rural Practice _v2(3) November 1992, 8(1) |
||
| 520 | _aDiscusses the Wye College report, "Cost of care: the costs and benefits of environmentally friendly farming practice" (RICS Books £10) which identifies attitudes of farmers towards environmentally friendly practices, evaluates non-market costs and benefits to farms and the impact of schemes on capital values. | ||
| 650 | _aCOUNTRYSIDE STEWARDSHIP | ||
| 650 | _aENVIRONMENTALLY FRIENDLY PRACTICES | ||
| 650 | _aENVIRONMENTALLY SENSITIVE AREAS | ||
| 650 | _aFARM WOODLAND SCHEME | ||
| 650 | _aFARMING AND FARM DIVERSIFICATION | ||
| 650 | _aFARMING | ||
| 650 | _aRURAL LAND MANAGEMENT | ||
| 690 | _aENVIRONMENTAL AND LAND CONSULTANCY | ||
| 942 | _n0 | ||
| 948 | _c04/03/1997 | ||
| 999 |
_c38504 _d38504 |
||